[Event "Pau op"]
[Site "Pau"]
[Date "2009.02.26"]
[Round "6"]
[White "Del Rey, Diego"]
[Black "De Biasi, Robert"]
[Result "1-0"]
[WhiteElo "2383"]
[BlackElo "1761"]
[PlyCount "139"]
[EventDate "2009.02.24"]
[EventType "swiss"]
[EventRounds "9"]
[EventCountry "FRA"]
[SourceTitle "CBM 129 Extra"]
[Source "ChessBase"]
[SourceDate "2009.05.05"]
[SourceVersion "2"]
[SourceVersionDate "2009.05.20"]
[SourceQuality "1"]

1. d4 Nf6 2. c4 e6 3. Nc3 Bb4 4. Qc2 c5 5. dxc5 Bxc5 6. Nf3 0-0 7. Bg5 Nc6 8. e3 b6 9. a3 Bb7 10. Rd1 Qc7 11. Bd3 Be7 12. Bxf6 Bxf6 13. Bxh7+ Kh8 14. Nb5 Qb8 15. Be4 Ne5 16. Nxe5 Bxe4 17. Nxf7+ Rxf7 18. Qxe4 a6 19. Nd6 Rf8 20. Rd2 Bxb2 21. 0-0 Bxa3 22. Qh4+ Kg8 23. Ne4 Qe8 24. Ng5 Qg6 25. Rxd7 Rad8 26. Rxd8 Rxd8 27. Nxe6 Re8 28. Nf4 Qe4 29. Qh5 Re5 30. Qd1 Bc5 31. Qd8+ Re8 32. Qd5+ Kf8 33. Rc1 a5 34. Kf1 a4 35. Qxe4 Rxe4 36. Ke2 a3 37. Kd3 Re8 38. Kc3 Kf7 39. Rd1 g5 40. Nd3 Bd6 41. Kb3 Ke6 42. h3 Ra8 43. Rd2 Ra5 44. g4 Be7 45. f4 gxf4 46. exf4 Kf6 47. Ne5 Ra8 48. Ka2 Rc8 49. Nd7+ Kf7 50. Nxb6 Rb8 51. Nd7 Rc8 52. c5 Rc7 53. c6 Bb4 54. Rd4 Bc3 55. Rc4 Bd2 56. Nb6 Ke6 57. Kxa3 Ba5 58. Nd7 Ra7 59. Re4+ Kd6 60. Ne5 Kc5 61. c7 Bb4+ 62. Kb3 Rxc7 63. Rxb4 Rh7 64. Rc4+ Kd5 65. Rc3 Ke4 66. Ng6 Rb7+ 67. Kc2 Ra7 68. f5 Ra2+ 69. Kb3 Rf2 70. h4 1-0

[Event "St Chely d'Aubrac op 7th"]
[Site "St Chely d'Aubrac"]
[Date "2007.07.18"]
[Round "6"]
[White "Lemaire, Matthieu"]
[Black "De Biasi, Robert"]
[Result "1-0"]
[WhiteElo "1934"]
[BlackElo "1825"]
[PlyCount "67"]
[EventDate "2007.07.07"]
[EventType "swiss"]
[EventRounds "9"]
[EventCountry "FIN"]
[SourceTitle "EXT 2008"]
[Source "ChessBase"]
[SourceDate "2007.11.25"]
[SourceVersion "1"]
[SourceVersionDate "2007.11.25"]
[SourceQuality "1"]

1. e4 c5 2. c3 d5 3. exd5 Qxd5 4. d4 Nf6 5. Nf3 e6 6. Bd3 Be7 7. 0-0 0-0 8. Qe2 cxd4 9. cxd4 Nc6 10. Rd1 a6 11. Nc3 Qd8 12. a3 b5 13. Bg5 h6 14. Bxf6 Bxf6 15. Qe4 g6 16. Qxc6 Bd7 17. Qe4 Rc8 18. Ne5 Bxe5 19. dxe5 Bc6 20. Qf4 Kg7 21. Bxb5 Qb6 22. Bxc6 Qxc6 23. Ne4 Rb8 24. b4 Qc2 25. Nc5 Rb5 26. Rd7 Rb6 27. Re7 Qc3 28. Rf1 Qxa3 29. Nd7 Rxb4 30. Qf6+ Kg8 31. Nxf8 Rf4 32. Qxf4 Qxe7 33. Nxg6 fxg6 34. Qxh6 1-0

[Event "Chateauroux op"]
[Site "Chateauroux"]
[Date "2005.11.11"]
[Round "2"]
[White "Maleki, Nicolas"]
[Black "De Biasi, Robert"]
[Result "1-0"]
[WhiteElo "2117"]
[BlackElo "1875"]
[PlyCount "73"]
[EventDate "2005.10.30"]
[EventType "swiss"]
[EventRounds "7"]
[EventCountry "FRA"]
[SourceTitle "EXT 2007"]
[Source "ChessBase"]
[SourceDate "2006.11.23"]
[SourceVersion "1"]
[SourceVersionDate "2006.11.23"]
[SourceQuality "1"]

1. e4 c5 2. Nf3 d6 3. d4 cxd4 4. Nxd4 Nf6 5. Nc3 a6 6. Be3 e6 7. f3 Nc6 8. Qd2 Qc7 9. 0-0-0 b5 10. Nxc6 Qxc6 11. e5 b4 12. Ne4 Nxe4 13. fxe4 Bb7 14. exd6 Rd8 15. e5 g6 16. Bg5 Rd7 17. Bf6 Rg8 18. Qxb4 Bg7 19. Bxg7 Rxg7 20. Rd4 Qc8 21. Rc4 Qd8 22. Qc3 Rg8 23. Ra4 Kf8 24. Bxa6 Bxa6 25. Rxa6 Kg7 26. h4 h5 27. g3 Qb8 28. Rd1 Qb7 29. Qc6 Qxc6 30. Rxc6 Rgd8 31. c4 Kf8 32. c5 Rb8 33. Ra6 Rdb7 34. c6 Rxb2 35. c7 Rb1+ 36. Kd2 R8b2+ 37. Ke1 1-0

[Event "St Chely d'Aubrac op 5th"]
[Site "St Chely d'Aubrac"]
[Date "2005.07.14"]
[Round "7"]
[White "Weigel, Marie"]
[Black "De Biasi, Robert"]
[Result "1/2-1/2"]
[WhiteElo "1600"]
[BlackElo "1895"]
[PlyCount "121"]
[EventDate "2005.07.09"]
[EventType "swiss"]
[EventRounds "9"]
[EventCountry "FRA"]
[SourceTitle "CBM 107 Extra"]
[Source "ChessBase"]
[SourceDate "2005.09.01"]
[SourceVersion "1"]
[SourceVersionDate "2005.09.01"]
[SourceQuality "1"]

1. d4 Nf6 2. Nf3 e6 3. Bf4 b6 4. e3 Bb7 5. c4 Bb4+ 6. Nc3 0-0 7. a3 Bxc3+ 8. bxc3 d6 9. Bd3 Nbd7 10. Nd2 Re8 11. Qc2 Nf8 12. 0-0 Nh5 13. Bg3 Ng6 14. a4 a5 15. Be4 d5 16. cxd5 exd5 17. Bf3 Nxg3 18. hxg3 Rb8 19. c4 dxc4 20. Bxb7 Rxb7 21. Qxc4 Qe7 22. Qb5 Rbb8 23. Rfc1 Rbc8 24. Rc3 Qd8 25. Rac1 Re7 26. Nc4 Rb8 27. Na3 Nf8 28. Qc6 h6 29. Nb5 Ne6 30. f4 g6 31. Qf3 Kg7 32. Na7 Qd7 33. Nc6 Ree8 34. Nxb8 Rxb8 35. g4 Qxa4 36. f5 Ng5 37. Qd5 Qe8 38. fxg6 Kxg6 39. Qf5+ Kg7 40. Qf4 c5 41. dxc5 bxc5 42. Rxc5 Ne6 43. Qe5+ f6 44. Rc7+ Kg8 45. Qxf6 Nxc7 46. Rxc7 Qxe3+ 47. Kh2 Qg5 48. Qe6+ Kh8 49. Kh3 Rg8 50. Rc6 h5 51. Qh6+ Qxh6 52. Rxh6+ Kg7 53. Rxh5 Ra8 54. Rc5 a4 55. Rc2 a3 56. Ra2 Kg6 57. Kh4 Ra4 58. Kg3 Kg5 59. Kh3 Ra6 60. Kg3 Ra4 61. Kh3 1/2-1/2

[Event "St Chely d'Aubrac op 5th"]
[Site "St Chely d'Aubrac"]
[Date "2005.07.13"]
[Round "6"]
[White "De Biasi, Robert"]
[Black "Lengert, Vincent"]
[Result "0-1"]
[WhiteElo "1895"]
[BlackElo "1710"]
[PlyCount "82"]
[EventDate "2005.07.09"]
[EventType "swiss"]
[EventRounds "9"]
[EventCountry "FRA"]
[SourceTitle "CBM 107 Extra"]
[Source "ChessBase"]
[SourceDate "2005.09.01"]
[SourceVersion "1"]
[SourceVersionDate "2005.09.01"]
[SourceQuality "1"]

1. c4 Nf6 2. g3 g6 3. Bg2 d6 4. Nc3 Bg4 5. Bxb7 Nbd7 6. Bxa8 Qxa8 7. Nf3 Ne5 8. Qa4+ Nfd7 9. Nd5 Qb7 10. Qb5 Nxf3+ 11. exf3 Qxb5 12. cxb5 Bxf3 13. Nxc7+ Kd8 14. Ne6+ fxe6 15. Rg1 Ne5 16. d4 Nd3+ 17. Kd2 Nxf2 18. Rf1 Bh6+ 19. Kc3 Ne4+ 20. Kb4 Bxc1 21. Raxc1 Bg4 22. a4 Kd7 23. Rc6 Be2 24. Rfc1 Ra8 25. Rc7+ Kd8 26. Rb7 Nf6 27. a5 Bf3 28. Rc6 Bxc6 29. bxc6 a6 30. Kc4 Nd5 31. b4 Kc8 32. b5 axb5+ 33. Kxb5 Nc7+ 34. Ka4 Ra6 35. Rb6 Ra7 36. h4 Nd5 37. Rb3 Kc7 38. Kb5 Ra8 39. a6 Rb8+ 40. Ka4 Rxb3 41. a7 Rb1 0-1

[Event "St Chely d'Aubrac op 5th"]
[Site "St Chely d'Aubrac"]
[Date "2005.07.11"]
[Round "3"]
[White "Deschler, Fabrice"]
[Black "De Biasi, Robert"]
[Result "1-0"]
[WhiteElo "2167"]
[BlackElo "1895"]
[PlyCount "97"]
[EventDate "2005.07.09"]
[EventType "swiss"]
[EventRounds "9"]
[EventCountry "FRA"]
[SourceTitle "CBM 107 Extra"]
[Source "ChessBase"]
[SourceDate "2005.09.01"]
[SourceVersion "1"]
[SourceVersionDate "2005.09.01"]
[SourceQuality "1"]

1. d4 Nf6 2. c4 e6 3. g3 Bb4+ 4. Bd2 Be7 5. Bg2 d5 6. Nf3 b6 7. Nc3 Bb7 8. cxd5 exd5 9. Nh4 0-0 10. Nf5 Ne4 11. Nxe7+ Qxe7 12. 0-0 Nxd2 13. Qxd2 Rd8 14. Rfd1 c6 15. Qf4 Nd7 16. Qc7 Rab8 17. e4 Rdc8 18. Qf4 dxe4 19. Nxe4 Nf6 20. Nxf6+ Qxf6 21. Qxf6 gxf6 22. Rac1 c5 23. dxc5 Bxg2 24. Kxg2 Rxc5 25. Rxc5 bxc5 26. Rd2 a5 27. Kf3 Re8 28. Rc2 Re5 29. Rc4 Rf5+ 30. Ke3 Re5+ 31. Re4 Rd5 32. Ra4 Re5+ 33. Kf3 Rf5+ 34. Ke3 Re5+ 35. Kd3 Rd5+ 36. Kc3 Re5 37. Rxa5 Re2 38. Rxc5 Rxf2 39. a4 Kf8 40. a5 Rf1 41. Rh5 Ra1 42. b4 Ke7 43. Kc4 Rc1+ 44. Kb5 Rc8 45. a6 Rb8+ 46. Ka5 Kd7 47. Rxh7 Kc6 48. Rxf7 Rb5+ 49. Ka4 1-0

[Event "St Chely d'Aubrac op 5th"]
[Site "St Chely d'Aubrac"]
[Date "2005.07.10"]
[Round "2"]
[White "De Biasi, Robert"]
[Black "Laine, Patrice"]
[Result "1/2-1/2"]
[WhiteElo "1895"]
[BlackElo "2082"]
[PlyCount "93"]
[EventDate "2005.07.09"]
[EventType "swiss"]
[EventRounds "9"]
[EventCountry "FRA"]
[SourceTitle "CBM 107 Extra"]
[Source "ChessBase"]
[SourceDate "2005.09.01"]
[SourceVersion "1"]
[SourceVersionDate "2005.09.01"]
[SourceQuality "1"]

1. c4 e6 2. g3 d5 3. cxd5 exd5 4. Bg2 Nf6 5. d4 c6 6. Nf3 Bd6 7. Nc3 0-0 8. 0-0 Bf5 9. Bg5 Nbd7 10. Re1 Re8 11. Nh4 Bg4 12. h3 Bh5 13. Qd3 h6 14. Bxf6 Qxf6 15. e4 Bg6 16. Nxg6 Qxg6 17. Re3 dxe4 18. Bxe4 Qh5 19. Bg2 Rxe3 20. Qxe3 Nf6 21. Ne4 Nxe4 22. Qxe4 Qb5 23. b3 Rd8 24. Bf1 Qa5 25. Qf3 Be7 26. Bc4 Bf6 27. Rd1 Qxa2 28. Qh5 Rd7 29. Re1 Kf8 30. Qc5+ Be7 31. Qf5 Ke8 32. Qxf7+ Kd8 33. Qxg7 Qd2 34. Qe5 Bd6 35. Qf6+ Be7 36. Qh8+ Kc7 37. Re2 Qd1+ 38. Kg2 b5 39. Qe8 bxc4 40. Rxe7 Qxd4 41. bxc4 Rxe7 42. Qxe7+ Kb6 43. Qb4+ Kc7 44. h4 Qe4+ 45. Kf1 Qh1+ 46. Ke2 Qe4+ 47. Kf1 1/2-1/2

[Event "St Chely d'Aubrac op 4th"]
[Site "St Chely d'Aubrac"]
[Date "2004.07.19"]
[Round "4"]
[White "De Biasi, Robert"]
[Black "Sivan, Michel"]
[Result "0-1"]
[WhiteElo "1690"]
[BlackElo "1984"]
[PlyCount "54"]
[EventDate "2004.07.17"]
[EventType "swiss"]
[EventRounds "9"]
[EventCountry "FRA"]
[SourceTitle "CBM 101 Extra"]
[Source "ChessBase"]
[SourceDate "2004.09.01"]
[SourceVersion "2"]
[SourceVersionDate "2004.09.01"]
[SourceQuality "1"]

1. c4 c5 2. Nf3 Nc6 3. g3 g6 4. Nc3 Bg7 5. Bg2 Nf6 6. 0-0 0-0 7. b3 d5 8. cxd5 Nxd5 9. Bb2 Nxc3 10. Bxc3 e5 11. d3 e4 12. Bxg7 exf3 13. Bxf3 Kxg7 14. Qc2 Nd4 15. Qxc5 Nxf3+ 16. exf3 Qxd3 17. Qe5+ Kg8 18. Rfe1 Qxf3 19. Re3 Qf5 20. Qc3 Be6 21. Rae1 Rac8 22. Qa1 Rc2 23. f4 Qd5 24. R1e2 Rxe2 25. Rxe2 Qc5+ 26. Rf2 Bh3 27. Qe1 Rd8 0-1

[Event "St Chely d'Aubrac op 4th"]
[Site "St Chely d'Aubrac"]
[Date "2004.07.17"]
[Round "1"]
[White "Uhoda, Philippe"]
[Black "De Biasi, Robert"]
[Result "1-0"]
[WhiteElo "2140"]
[BlackElo "1690"]
[PlyCount "71"]
[EventDate "2004.07.17"]
[EventType "swiss"]
[EventRounds "9"]
[EventCountry "FRA"]
[SourceTitle "CBM 101 Extra"]
[Source "ChessBase"]
[SourceDate "2004.09.01"]
[SourceVersion "2"]
[SourceVersionDate "2004.09.01"]
[SourceQuality "1"]

1. d4 Nf6 2. c4 e6 3. Nc3 Bb4 4. g3 0-0 5. Bg2 d5 6. Nf3 dxc4 7. 0-0 Bxc3 8. bxc3 Nd5 9. Qc2 Nc6 10. e4 Nde7 11. Qa4 Bd7 12. Qxc4 a6 13. a4 Na7 14. Ne5 b5 15. Qc5 bxa4 16. Nxd7 Qxd7 17. Qa3 Ng6 18. Qxa4 Qxa4 19. Rxa4 Nb5 20. Bd2 e5 21. d5 Rfd8 22. Rfa1 Rd6 23. Bf1 Rc8 24. Rxa6 Rxa6 25. Rxa6 Nd6 26. f3 f5 27. Bd3 f4 28. c4 Nf7 29. c5 Rb8 30. d6 cxd6 31. cxd6 Kf8 32. Ba5 Ke8 33. Bc2 Nd8 34. Bc7 Rc8 35. Ba4+ Kf8 36. Bd7 1-0